Statistics for Top 10 Most Dangerous Terrorist Groups

Click here to take the quiz!

General Stats

  • This quiz has been taken 1,003 times
  • The average score is 4 of 10

Answer Stats

HintAnswer% Correct
1ISIS
95%
2al-Qaeda
63%
3Taliban
57%
5Boko Haram
47%
8Hamas
37%
7Hezbollah
32%
10FARC
13%
9Kurdistan Worker's Party (PKK)
10%
6al-Nusra Front
8%
4Tehrik-i-Taliban Pakistan
1%

Score Distribution

Percentile by Number Answered

Percent of People with Each Score

Your Score History

You have not taken this quiz